OECD reviews of pension systems

Salvato in:
Dettagli Bibliografici
Natura: Libro
Lingua:inglese
Pubblicazione: Paris OECD 2014
Soggetti:
Tags: Aggiungi Tag
Nessun Tag, puoi essere il primo ad aggiungerne!!

MARC

LEADER 00000nam a2200000 4500
001 0186603
005 20240315121048.0
020 |a 978-92-64-20879-7 
041 0 |a eng 
044 |a FR 
245 1 0 |a OECD reviews of pension systems 
264 1 |a Paris  |b OECD  |c 2014 
300 |a 146 s. 
610 2 0 |a penzie 
610 2 0 |a systémy dôchodkové 
610 2 0 |a politika dôchodková 
610 2 0 |a politika finančná 
610 2 0 |a modernizácia 
610 2 0 |a vek produktívny 
610 2 0 |a vek postproduktívny 
610 2 0 |a reformy dôchodkové 
610 2 0 |a sektor štátny 
610 2 0 |a sektor súkromný 
610 2 0 |a Írsko